Revista de derecho procesal 2015 - 1 : jurisdicción y competencia II /

Guardado en:
Formato: Libro
Idioma:Spanish
Publicado: Santa Fe : Rubinzal - Culzoni, 2015.
Edición:1a. ed. rev.
Materias:
Etiquetas: Agregar Etiqueta
Sin Etiquetas, Sea el primero en etiquetar este registro!
LEADER 00618nam a22001815a 4500
001 DER.der013963
008 190904s2015####ag#||||||||||||||#||spa||
005 20230613094120.0
245 1 0 |a Revista de derecho procesal 2015 - 1 :  |b jurisdicción y competencia II /  |c Arazi, Roland. 
250 |a 1a. ed. rev. 
260 |a Santa Fe :  |b Rubinzal - Culzoni,  |c 2015. 
300 |a 726 p. 
700 1 |a Arazi, Roland,  |e dir. 
650 7 |a FUNCION JURISDICCIONAL 
650 7 |a COMPETENCIA EN SINIESTROS VIALES 
650 7 |a PRINCIPIOS PROCESALES 
650 7 |a INDELEGABILIDAD DE LA COMPETENCIA 
859 |a DERECHO  |b BIB. DERECHO  |h 347.05  |i REV  |p 009156